UM Logo

SMEs take centerstage in digital economy: (Record no. 9786)

MARC details
000 -LEADER
fixed length control field 00416nam a2200121 4500
008 - FIXED-LENGTH DATA ELEMENTS--GENERAL INFORMATION
fixed length control field 180717b ||||| |||| 00| 0 eng d
100 ## - MAIN ENTRY--PERSONAL NAME
9 (RLIN) 28993
Personal name Poggi, Ryan
245 ## - TITLE STATEMENT
Title SMEs take centerstage in digital economy:
Remainder of title Transforming the global economic growth engine.
Statement of responsibility, etc. Ryan Poggi
260 ## - PUBLICATION, DISTRIBUTION, ETC. (IMPRINT)
Place of publication, distribution, etc. Philippines
Name of publisher, distributor, etc. The Philippine Star
Date of publication, distribution, etc. c2017
300 ## - PHYSICAL DESCRIPTION
Extent page C4.
650 #0 - SUBJECT ADDED ENTRY--TOPICAL TERM
9 (RLIN) 28994
Topical term or geographic name as entry element Technological innovations.
942 ## - ADDED ENTRY ELEMENTS (KOHA)
Source of classification or shelving scheme Dewey Decimal Classification
Koha item type Periodicals
Holdings
Withdrawn status Lost status Source of classification or shelving scheme Damaged status Not for loan Collection code Home library Current library Date acquired Total Checkouts Date last seen Price effective from Koha item type Public note
    Dewey Decimal Classification     Periodicals UM Digos College - LIC UM Digos College - LIC 07/17/2018   07/17/2018 07/17/2018 Periodicals Newspaper Clippings